Al Jazeera and Al Arabiya: Understanding Media Biasc

Popredné mediálne spoločnosti na Blízkom východe a hlavní regionálni konkurenti v mediálnom priemysle Al Jazeera a Al Arabiya. Testovanie hypotézy, že pokrytie Al Jazeera a Al Arabiya odráža záujmy štátnych sponzorov. Využívanie maipulatívnych techník v článkoch.

Saved in:
Bibliographic Details
Main Author: Kosárová, Dominika
Format: Book Chapter
Language:English
Subjects:
Tags: Add Tag
No Tags, Be the first to tag this record!

MARC

LEADER 00000naa a2200000 4500
001 0274003
005 20210527095556.3
041 0 |a eng 
044 |a SK 
245 1 0 |a Al Jazeera and Al Arabiya: Understanding Media Biasc  |c Dominika Kosárová 
520 |a Popredné mediálne spoločnosti na Blízkom východe a hlavní regionálni konkurenti v mediálnom priemysle Al Jazeera a Al Arabiya. Testovanie hypotézy, že pokrytie Al Jazeera a Al Arabiya odráža záujmy štátnych sponzorov. Využívanie maipulatívnych techník v článkoch. 
610 2 0 |a médiá 
610 2 0 |a Saudská Arábia 
610 2 0 |a Blízky východ 
100 1 |a Kosárová, Dominika